| 000 | 007610000a22002410004500 | ||
|---|---|---|---|
| 090 |
_aAR _b03432 |
||
| 245 | 1 | 0 | _aActividad edáfica de hormigas (Atta laevigata) y su relación con la dinámica sabana / bosque en los Llanos Orientales |
| 650 | 1 | 4 |
_aEdafología _993285 |
| 650 | 1 | 4 |
_aHormigas _992499 |
| 650 | 1 | 4 |
_aEcosistemas de sabana _996632 |
| 650 | 1 | 4 |
_aDistribución espacial _95206 |
| 650 | 1 | 4 |
_aDensidad _975058 |
| 650 | 1 | 4 |
_aSuelos _9287 |
| 650 | 1 | 4 |
_aVegetación _992799 |
| 651 | 4 |
_dVichada _pColombia _992749 |
|
| 653 |
_gAtta _eAtta laevigata |
||
| 041 | 0 | _aEspañol | |
| 044 | _aColombia | ||
| 700 | 1 |
_aBotero, Pedro José _994851 |
|
| 100 | 1 |
_aEtter R., Andrés _910765 |
|
| 942 | _cARTICULO | ||
| 773 | 1 |
_tColombia Amazonica _h2 _q77-95 _d1990 _g4 |
|
| 999 |
_c12483 _d12483 |
||